Quehacer Editorial : el libro y la lectura como caótica ficción /

La autodenominada revista-libro Quehacer editorial, es una publicación mexicana especializada en los pormenores de la industria editorial, la promoción de la lectura y la cultura del libro, en cuyas páginas se informa, reflexiona, analiza y debate la ciencia de la edición, desde sus orígenes hasta l...

وصف كامل

محفوظ في:
التفاصيل البيبلوغرافية
مؤلفون آخرون: Zenker, Alejandro (dirección) (dirección)
التنسيق: كتاب
اللغة:الإسبانية
منشور في: México : Ediciones del Ermitaño, 2014, c2014
سلاسل:(Minimalia. Quehacer Editorial ; 14)
الموضوعات:
الوسوم: إضافة وسم
لا توجد وسوم, كن أول من يضع وسما على هذه التسجيلة!

MARC

LEADER 00000nam^a2200000^a^4500
001 000349260
005 20250521000000.0
009 20260310114906.86
037 |a Acervo ITESO - Biblioteca 
041 |a ESP 
082 |a 302. 23205  |b QUE V. 14 
240 1 1 |a [Quehacer Editorial] 
245 1 0 |a Quehacer Editorial :  |b el libro y la lectura como caótica ficción /  |c Dir. de A. Zenker. 
264 4 |a México :  |b Ediciones del Ermitaño,  |c 2014, c2014 
300 |a 181 p. 
336 |a texto  |b txt  |2 rdacontenido 
337 |a sin mediación  |b n  |2 rdamedio 
338 |a volumen  |b nc  |2 rdasoporte 
440 1 |a (Minimalia.  |p Quehacer Editorial ;  |v 14) 
520 |a La autodenominada revista-libro Quehacer editorial, es una publicación mexicana especializada en los pormenores de la industria editorial, la promoción de la lectura y la cultura del libro, en cuyas páginas se informa, reflexiona, analiza y debate la ciencia de la edición, desde sus orígenes hasta la era digital, y su relación con los bibliotecarios y los lectores. 
521 |a FIL 2014 Centro de Formación Humana 
585 |a Exposición DIA 2022-04/05 / De paseo con los libros por la ruta del placer 
649 |a XX 
650 |a Falsificación y Plagio (Creación) 
650 |a Libros de Texto -  |x Aspectos Tecnológicos 
650 |a Libros -  |x Historia 
650 |a Librerías -  |x Aspectos Tecnológicos 
650 |a Lectura 
650 |a Industria Editorial -  |x Aspectos Tecnológicos -  |x Tema Principal 
650 |a Industria Editorial -  |x Publicaciones Periódicas Mexicanas 
650 |a Industria Editorial 
650 |a Industria Cultural 
650 |a Publicaciones Periódicas Mexicanas 
700 |a Zenker, Alejandro  |e (dirección) 
910 |a Fondo General 
920 |a Impresos - Libros 
930 |a Colección General 
905 |a 101 
901 |a 0500239727  |b IT1  |c ACC  |i C143907  |u 20250521 
902 |a https://opac.biblio.iteso.mx/vufind/Record/000349260